000
00264nam a22001217a 4500
008
180927b xxu||||| |||| 00| 0 eng d
041
_a
eng
080
_a
101
100
_a
24
101
_a
FIL
245
_a
The western philosphers
_c
Tomlin,E.W
942
_2
udc
_c
BK
999
_c
48561
_d
48561